| 000 | 00502nam a22001817a 4500 | ||
|---|---|---|---|
| 003 | LK-CoDNM | ||
| 005 | 20250130105617.0 | ||
| 008 | 250130b |||||||| |||| 00| 0 eng d | ||
| 040 |
_aLK-CoDNM _dLK-CoDNM _eLK-CoDNM |
||
| 041 | _aeng | ||
| 080 |
_a13 _bR14 |
||
| 100 | _aHuxley,Thomas H. | ||
| 245 | _aA manual of the anatomy of vertebrated animals | ||
| 260 |
_aLondon _bJ. and A. Churchill, New Burlington street _c1871 |
||
| 300 | _avi, 510p. : ill ; 17 cm | ||
| 650 | _aAnimals | ||
| 942 | _cBK | ||
| 999 |
_c237676 _d237676 |
||